Vedecké state členov Katedry medzinárodného obchodu Obchodnej fakulty 2012 [zborník]

Gespeichert in:
Bibliographische Detailangaben
Körperschaft: Obchodná fakulta EU. Katedra medzinárodného obchodu
Weitere Verfasser: Fifek, Edmund, Tkáčová, Daniela, 1954-, Trenčianska, Elena
Format: Buch
Sprache:Slowakisch
Veröffentlicht: Bratislava Vydavateľstvo EKONÓM 2012
Schlagworte:
Tags: Tag hinzufügen
Keine Tags, Fügen Sie das erste Tag hinzu!

MARC

LEADER 00000nlm a2200000 4500
001 0163959
005 20250815112610.4
020 |a 978-80-225-3550-2 
041 0 |a slo 
044 |a SK 
245 1 0 |a Vedecké state členov Katedry medzinárodného obchodu Obchodnej fakulty 2012  |b [zborník]  |c zostavovateľ Edmund Fifek ; recenzenti: Daniela Tkáčová, Elena Trenčianska 
264 1 |a Bratislava  |b Vydavateľstvo EKONÓM  |c 2012 
300 |a CD-ROM 114 s. 
610 2 0 |a kríza hospodárska 
610 2 0 |a kríza finančná 
610 2 0 |a vývoj hospodársky 
610 2 0 |a eurozóna 
610 2 0 |a Európa 
610 2 0 |a Ázia 
610 2 0 |a Irán 
610 2 0 |a Sýria 
700 1 |a Fifek, Edmund 
700 1 |a Tkáčová, Daniela, 1954- 
700 1 |a Trenčianska, Elena 
710 2 |a Obchodná fakulta EU. Katedra medzinárodného obchodu